000 01106nam a22003377a 4500
001 0067593
003 KOHA_MİRAKIL
005 20260207004718.0
007 ta
008 220819b2012 tu |||gr||||#0|||0|tur |
020 _a9786056133336
040 _aTR-BiSEU
_btur
_cTR-BiSEU
_erda
041 0 _atur
044 _ctu
050 _aTK4035.A35
_bI35 2012
245 0 _aİklimlendirme soğutma elektriği ve kumanda devreleri/
_chazırlayanlar Hüseyin Bulgurcu, Erdoğan Şimşek, Adnan Basalak.
264 1 _aİstanbul :
_bISKAV
_c2012
300 _a352 sayfa: şekilli; 30 cm.
336 _ametin
_btxt
_2rdacontent
337 _aaracısız
_bn
_2rdamedia
338 _acilt
_bnc
_2rdacarrier
490 1 _aTeknik kitaplar dizisi ;
_vno: 07
500 _aKaynakça var.
650 0 _aİklimlendirme.
_952127
650 0 _aSoğutma sistemleri.
_9128127
650 0 _aMühendislik--Düşük Isı Teknolojisi.
_9128128
650 0 _aAir conditioning--Electric equipment.
_9128129
830 1 _aTeknik kitaplar dizisi ;
_vno: 07
_959471
907 _aTeknoloji ve Mühendislik
942 _2lcc
_cBK
999 _c68147
_d68147